000 00954nam a22002777a 4500
001 7590
003 FISKH
005 20250725091158.0
008 250725b cb ||||| |||| 00| 0 eng d
020 _a9780439725231
040 _aFISKH
_beng
_cFISKH
_dFISKH
050 _aPZ7.B7633 C
082 _a398.27
100 _aBridwell, Norman
245 _aClifford's Pals /
_cNorman Bridwell
250 _aThis edition first printing, May 2005
260 _aNew York :
_bScholastic,
_c1985.
300 _a32 unnumbered pages :
_bcolor illustrations ;
_c21 cm
505 _aJ
520 _aJuvenile Fiction. Juvenile Literature. HTML:Clifford and his pals just can't stay out of trouble! After a full day of mischief, they decide that next time they'll play somewhere safe, and a lot more fun.
521 8 _a480
_bLexile
521 8 _aJ
_bRaz-Plus
650 _aConstruction
_vDog
_xAnimal Characters
942 _2ddc
_cBK
_n0
999 _c7590
_d7590